<?xml version="1.0" encoding="UTF-8"?>
<collection xmlns="http://www.loc.gov/MARC21/slim">
  <record>
    <leader>00000nam  2200000   4500</leader>
    <controlfield tag="001">INLIS000000000020131</controlfield>
    <controlfield tag="005">20250522121833</controlfield>
    <datafield tag="035" ind1="#" ind2="#">
      <subfield code="a">0010-0525000214</subfield>
    </datafield>
    <controlfield tag="007">ta</controlfield>
    <controlfield tag="008">250522################|##########|#|##</controlfield>
    <datafield tag="084" ind1="#" ind2="#">
      <subfield code="a">R 0095 PKN II 2024</subfield>
    </datafield>
    <datafield tag="100" ind1=" " ind2="#">
      <subfield code="a">I Kadek Suartama</subfield>
    </datafield>
    <datafield tag="245" ind1="1" ind2="#">
      <subfield code="a">Strategi OImplementasi SNI ISO 37001:2016 Sistem Manajemen Anti Penyuapan Dalam Penguatan Pengendalian Risiko Penyuapan Pada Auditorat IKD - BPK RI /</subfield>
      <subfield code="c">I Kadek Suartama</subfield>
    </datafield>
    <datafield tag="250" ind1="#" ind2="#">
      <subfield code="a">1</subfield>
    </datafield>
    <datafield tag="260" ind1="#" ind2="#">
      <subfield code="a">Jakarta :</subfield>
      <subfield code="b">Pusbangkom Pimnas,</subfield>
      <subfield code="c">2024</subfield>
    </datafield>
    <datafield tag="300" ind1="#" ind2="#">
      <subfield code="a">60 :</subfield>
      <subfield code="b">ilus ;</subfield>
      <subfield code="c">29 x 21 x 0,5</subfield>
    </datafield>
    <datafield tag="650" ind1="#" ind2="4">
      <subfield code="a">Manajemen Resiko</subfield>
    </datafield>
    <datafield tag="520" ind1="#" ind2="#">
      <subfield code="a">Badan Pemeriksa Keuangan (BPK) juga menghadapi tantangan terkait reputasi akibat kasus&#13;
korupsi yang melibatkan pegawai dan pimpinan. BPK berkomitmen untuk menjaga integritas dan telah&#13;
mengembangkan Kerangka Kerja Manajemen Integritas (KKMI) sebagai upaya untuk mencegah dan&#13;
menindak pelanggaran integritas, termasuk menerapkan SNI ISO 37001 tentang Sistem Manajemen&#13;
Anti Penyuapan.&#13;
Proyek perubahan ini bertujuan mengendalikan risiko penyuapan dalam pemeriksaan melalui&#13;
langkah-langkah terstruktur yang meliputi penyusunan panduan pengendalian risiko dan pembentukan&#13;
database profil pemeriksa. Tujuan tersebut dibagi menjadi jangka pendek, menengah, dan panjang.&#13;
Manfaat proyek ini meliputi peningkatan integritas, pencegahan tindakan melawan hukum, efisiensi&#13;
kerja, perlindungan hukum, dan peningkatan kualitas hasil pemeriksaan. Selain itu, pihak terperiksa&#13;
juga akan mendapatkan manfaat dengan menghindari risiko hukum dan kerugian finansial.</subfield>
    </datafield>
    <datafield tag="856" ind1="#" ind2="#">
      <subfield code="a">Perpustakaan Pusat LAN</subfield>
    </datafield>
    <datafield tag="990" ind1="#" ind2="#">
      <subfield code="a">2024/1.2,2/A/0095</subfield>
    </datafield>
  </record>
</collection>
